Loading...
| Auditory Arts | 7 | 7.14 | 43% | 29% | 0% |
| Beliefs | 5 | 8.00 | 80% | 0% | 0% |
| Current Events | 2 | 15.00 | 100% | 50% | 0% |
| Fine Arts - Other Arts | 4 | 12.50 | 75% | 50% | 0% |
| Geography | 1 | 20.00 | 100% | 0% | 100% |
| History - American History | 5 | 10.00 | 100% | 0% | 0% |
| History - Ancient History | 4 | 10.00 | 100% | 0% | 0% |
| History - European History | 2 | 5.00 | 50% | 0% | 0% |
| History - Other History | 1 | 20.00 | 100% | 100% | 0% |
| History - World History | 3 | 16.67 | 100% | 33% | 33% |
| Literature - American Literature | 4 | 10.00 | 100% | 0% | 0% |
| Literature - British Literature | 4 | 10.00 | 100% | 0% | 0% |
| Literature - European Literature | 1 | 10.00 | 100% | 0% | 0% |
| Literature - World Literature | 5 | 16.00 | 100% | 60% | 0% |
| Philosophy | 3 | 6.67 | 67% | 0% | 0% |
| Science - Biology | 4 | 15.00 | 100% | 50% | 0% |
| Science - Chemistry | 5 | 12.00 | 100% | 20% | 0% |
| Science - Other Science | 4 | 20.00 | 100% | 75% | 25% |
| Science - Physics | 2 | 15.00 | 100% | 50% | 0% |
| Social Science | 6 | 10.00 | 83% | 17% | 0% |
| Visual Arts | 4 | 12.50 | 100% | 25% | 0% |